| 000 | 00407nam a22001217a 4500 | ||
|---|---|---|---|
| 082 | _a200 THE | ||
| 100 |
_aSalman Ahmed Qureshi _970205 |
||
| 245 | _aTH-SOF-1109-Design of Pressure Vessel A Comparative Study Between Code Vs Analysis Approach | ||
| 260 |
_aIslamabad _bNUST College of EME _c2015 |
||
| 650 |
_aMS-MECH-68 MSTHESIS _970206 |
||
| 700 |
_aSupervison Dr.Hasan Aftab Saeed _970207 |
||
| 942 | _cCF | ||
| 999 |
_c577216 _d577216 |
||